| 000 | 00990nam a22003017a 4500 | ||
|---|---|---|---|
| 003 | DO-SdBNP | ||
| 005 | 20240305094533.0 | ||
| 007 | ta | ||
| 008 | 210921b2000 ||||| |||| 00| 0 spa d | ||
| 020 | _a978-0970032201 | ||
| 040 |
_aDO-SdBNP _bspa _cBNPHU |
||
| 082 | 4 |
_a759.97293 _b U75de _222 |
|
| 100 | 1 |
_aUreña Rib, Fernando, _d1951- _930237 |
|
| 245 | 1 |
_aDecir la piel o las discretas orgías del silencio / _c[textos, Jaime Colson ... et al.]. |
|
| 250 | _a2.ed. | ||
| 260 |
_aSanto Domingo : _bFundación Ureña Rib, _c2000 |
||
| 300 |
_a157 p : _bil ; _c30 cm |
||
| 500 | _aTexto en español, inglés y francés | ||
| 590 | _aInventariado, 2022/MFF | ||
| 600 | 1 | 0 |
_aUreña Rib, Fernando, _d1951- _930237 |
| 650 | 4 |
_aPintores dominicanos _911660 |
|
| 650 | 4 |
_aPintura dominicana _91858 |
|
| 650 | 4 |
_aMujeres en el arte _982784 |
|
| 650 | 4 |
_aDesnudo en el arte _982785 |
|
| 700 | 1 |
_aColson, Jaime _982659 |
|
| 910 | _aD/G/Validado. Control de calidad MFF | ||
| 942 |
_2ddc _cLBS1 |
||
| 999 |
_c50610 _d50610 |
||